01048nam a2200265 i 4500003000900000005001700009007000300026008004100029040003000070082002400100110002800124240001800152245012300170246008200293264003400375300002800409336002700437337003300464338002800497500007300525650003700598650001900635651003800654710009000692DO-SdBNP20230717100024.0ta230717b200- dr ||||| |||| 00| 0 rda d aDO-SdBNPbspacBNPHUerda 4a346.0482bR426L2221 aRepública Dominicana.13a[Leyes, etc.]13aLey 65-00 sobre derecho de autor (mod. por la Ley 424-06, 493-06 y 2-07) :b(mod. por el dec. 436-17) parte ley 246-1213aReglamento de aplicación no. 362-01 de la ley 65-00 sobre derecho de autor. aSanto Domingo :bONDA,c200-. a122 páginas ;c21 cm. 2rdacontentatextobtxt 2rdamediaasin mediaciónbn 2rdacarrieravolumenbnc aIncluye referencias bibliográficas y notas al pie de las páginas 4aDerechos de autorxLegislación 4aDerecho y arte 4aRepública DominicanaxLey 65-001 aRepública Dominicana.bMinisterio de Cultura.bOficina Nacional de Derecho de Autor